Statistics for Top 10 most populated countries

Click here to take the quiz!

General Stats

  • This quiz has been taken 44 times
  • The average score is 9 of 10

Answer Stats

Answer% Correct
China
100%
India
98%
Usa
98%
Japan
93%
Russia
93%
Brazil
91%
Indonesia
91%
Nigeria
79%
Pakistan
77%
Bangladesh
65%

Score Distribution

Percentile by Number Answered

Percent of People with Each Score

Your Score History

You have not taken this quiz